Every Team in FIFA 21 - Statistics

General Stats
  • This quiz has been taken 95 times
    92 since last reset
  • The average score is 128 of 703
Answer Stats
% Correct
ENGLAND - PREMIER LEAGUE Manchester United
81%
ARGENTINA - LIGA PROFESIONAL DE FÚTBOL | ENGLAND - PREMIER LEAGUE Arsenal
78%
ENGLAND - PREMIER LEAGUE Chelsea
78%
CONMEBOL - COPA SUDAMERICANA | ENGLAND - PREMIER LEAGUE Liverpool
78%
ENGLAND - PREMIER LEAGUE Manchester City
78%
GERMANY - BUNDESLIGA FC Bayern
75%
ENGLAND - PREMIER LEAGUE Aston Villa
72%
FRANCE - LIGUE 1 UBER EATS OL
72%
ENGLAND - PREMIER LEAGUE Wolves
72%
GERMANY - BUNDESLIGA Dortmund
69%
ENGLAND - PREMIER LEAGUE Everton
69%
SPAIN - LALIGA SANTANDER FC Barcelona
69%
ITALY - SERIE A TIM Inter
69%
ENGLAND - PREMIER LEAGUE Leeds United
69%
FRANCE - LIGUE 1 UBER EATS Paris SG
69%
ENGLAND - PREMIER LEAGUE West Ham
69%
ENGLAND - PREMIER LEAGUE Brighton
67%
ITALY - SERIE A TIM Piemonte Calcio (Juventus)
67%
SPAIN - LALIGA SANTANDER Real Madrid
67%
ENGLAND - PREMIER LEAGUE Spurs
67%
NETHERLANDS - EREDIVISIE Ajax
64%
ITALY - SERIE A TIM Milan
64%
FRANCE - LIGUE 1 UBER EATS OM
64%
GERMANY - BUNDESLIGA RB Leipzig
64%
ITALY - SERIE A TIM Roma FC (Roma)
64%
ENGLAND - PREMIER LEAGUE Burnley
61%
ENGLAND - PREMIER LEAGUE Crystal Palace
61%
PORTUGAL - LIGA NOS FC Porto
61%
ENGLAND - PREMIER LEAGUE Leicester City
61%
ARGENTINA - LIGA PROFESIONAL DE FÚTBOL Buenos Aires (Boca Juniors)
58%
SCOTLAND - SCOTTISH PREM Celtic
58%
ENGLAND - PREMIER LEAGUE Fulham
58%
ENGLAND - PREMIER LEAGUE Sheffield United
58%
ENGLAND - PREMIER LEAGUE Southampton
58%
ENGLAND - EFL CHAMPIONSHIP AFC Bournemouth
56%
SPAIN - LALIGA SANTANDER Atlético de Madrid
56%
CONMEBOL - COPA LIBERTADORES Boca Juniors
56%
ENGLAND - EFL CHAMPIONSHIP Brentford
56%
FRANCE - LIGUE 1 UBER EATS Lille
56%
ITALY - SERIE A TIM Napoli
56%
SCOTLAND - SCOTTISH PREM Rangers
56%
ENGLAND - PREMIER LEAGUE West Brom
56%
FRANCE - LIGUE 1 UBER EATS AS Monaco
53%
NETHERLANDS - EREDIVISIE Feyenoord
53%
ITALY - SERIE A TIM Lazio
53%
ENGLAND - EFL CHAMPIONSHIP Norwich
53%
SPAIN - LALIGA SANTANDER Sevilla FC
53%
PORTUGAL - LIGA NOS SL Benfica
53%
ENGLAND - EFL CHAMPIONSHIP Watford
53%
ENGLAND - PREMIER LEAGUE Newcastle United
50%
ITALY - SERIE A TIM Atalanta
47%
SPAIN - LALIGA SANTANDER Athletic Club
47%
GERMANY - BUNDESLIGA Leverkusen
47%
NETHERLANDS - EREDIVISIE PSV
47%
BRAZIL - LIGA DO BRASIL | CONMEBOL - COPA LIBERTADORES Santos
47%
GERMANY - BUNDESLIGA VfL Wolfsburg
47%
ENGLAND - EFL CHAMPIONSHIP Blackburn Rovers
44%
SWITZERLAND - RSL BSC Young Boys
44%
GERMANY - BUNDESLIGA FC Schalke 04
44%
ITALY - SERIE A TIM Fiorentina
44%
ENGLAND - EFL CHAMPIONSHIP Nott’m Forest
44%
ARGENTINA - LIGA PROFESIONAL DE FÚTBOL Núñez (River Plate)
44%
FRANCE - LIGUE 1 UBER EATS Rennes
44%
PORTUGAL - LIGA NOS Sporting CP
44%
SPAIN - LALIGA SANTANDER Valencia CF
44%
BELGIUM - 1A PRO LEAGUE Club Brugge
42%
ENGLAND - EFL LEAGUE ONE Hull City
42%
BELGIUM - 1A PRO LEAGUE KRC Genk
42%
ENGLAND - EFL CHAMPIONSHIP Luton Town
42%
GERMANY - BUNDESLIGA M’gladbach
42%
FRANCE - LIGUE 1 UBER EATS OGC Nice
42%
CONMEBOL - COPA SUDAMERICANA River Plate
42%
ENGLAND - EFL CHAMPIONSHIP Sheffield Wednesday
42%
ENGLAND - EFL LEAGUE ONE Sunderland
42%
ITALY - SERIE A TIM Udinese
42%
GERMANY - BUNDESLIGA Werder Bremen
42%
GERMANY - BUNDESLIGA 1. FC Köln
39%
ENGLAND - EFL CHAMPIONSHIP Birmingham City
39%
ENGLAND - EFL LEAGUE TWO Bolton
39%
DENMARK - 3F SUPERLIGA FC København
39%
TURKEY - SÜPER LIG Galatasaray
39%
GERMANY - 2. BUNDESLIGA Hamburger SV
39%
ENGLAND - EFL LEAGUE ONE Ipswich Town
39%
POLAND - PKO EKSTRAKLASA Legia Warszawa
39%
SWEDEN - ALLSVENSKAN Malmö FF
39%
ENGLAND - EFL CHAMPIONSHIP QPR
39%
BELGIUM - 1A PRO LEAGUE RSC Anderlecht
39%
ENGLAND - EFL CHAMPIONSHIP Stoke City
39%
ARGENTINA - LIGA PROFESIONAL DE FÚTBOL | CONMEBOL - COPA SUDAMERICANA Unión
39%
SPAIN - LALIGA SANTANDER Villarreal CF
39%
TURKEY - SÜPER LIG Beşiktaş
36%
ITALY - SERIE A TIM Cagliari
36%
ENGLAND - EFL CHAMPIONSHIP Cardiff City
36%
ENGLAND - EFL CHAMPIONSHIP Derby County
36%
GERMANY - 3. LIGA Dynamo Dresden
36%
CONMEBOL - COPA LIBERTADORES Flamengo
36%
BELGIUM - 1A PRO LEAGUE KAA Gent
36%
USA/CANADA - MLS LA Galaxy
36%
FRANCE - LIGUE 1 UBER EATS RC Lens
36%
ENGLAND - EFL CHAMPIONSHIP Swansea City
36%
ITALY - SERIE A TIM Torino
36%
GERMANY - BUNDESLIGA VfB Stuttgart
36%
ENGLAND - EFL LEAGUE ONE AFC Wimbledon
33%
NETHERLANDS - EREDIVISIE AZ
33%
ENGLAND - EFL LEAGUE ONE Blackpool
33%
SWITZERLAND - RSL FC Basel 1893
33%
FRANCE - LIGUE 1 UBER EATS FC Nantes
33%
ENGLAND - EFL LEAGUE ONE Plymouth Argyle
33%
ENGLAND - EFL LEAGUE ONE Portsmouth
33%
ITALY - SERIE A TIM Sassuolo
33%
GERMANY - BUNDESLIGA 1. FSV Mainz 05
31%
SAUDI ARABIA - MBS PRO LEAGUE Al Hilal
31%
ITALY - SERIE A TIM Bologna
31%
FRANCE - LIGUE 1 UBER EATS Bordeaux
31%
ENGLAND - EFL CHAMPIONSHIP Bristol City
31%
SPAIN - LALIGA SANTANDER Cádiz CF
31%
ENGLAND - EFL LEAGUE ONE Charlton Athletic
31%
FRANCE - LIGUE 1 UBER EATS Dijon FCO
31%
FRANCE - LIGUE 1 UBER EATS FC Metz
31%
TURKEY - SÜPER LIG Fenerbahçe
31%
GERMANY - BUNDESLIGA Frankfurt
31%
ITALY - SERIE A TIM Genoa
31%
SPAIN - LALIGA SANTANDER Getafe CF
31%
SPAIN - LALIGA SMARTBANK Girona FC
31%
ENGLAND - EFL CHAMPIONSHIP Middlesbrough
31%
ENGLAND - EFL CHAMPIONSHIP Millwall
31%
FRANCE - LIGUE 1 UBER EATS Montpellier
31%
ARGENTINA - LIGA PROFESIONAL DE FÚTBOL Racing Club
31%
AUSTRIA - Ö. BUNDESLIGA RB Salzburg
31%
ENGLAND - EFL CHAMPIONSHIP Reading
31%
SPAIN - LALIGA SANTANDER Real Betis
31%
SPAIN - LALIGA SANTANDER Real Sociedad
31%
BELGIUM - 1A PRO LEAGUE Royal Antwerp FC
31%
ITALY - SERIE A TIM Sampdoria
31%
AUSTRALIA - A-LEAGUE Sydney FC
31%
GERMANY - 2. BUNDESLIGA 1. FC Nürnberg
28%
SCOTLAND - SCOTTISH PREM Aberdeen
28%
ENGLAND - EFL LEAGUE ONE Accrington
28%
SAUDI ARABIA - MBS PRO LEAGUE Al Nassr
28%
ENGLAND - EFL CHAMPIONSHIP Barnsley
28%
SPAIN - LALIGA SANTANDER D. Alavés
28%
GERMANY - 2. BUNDESLIGA Hannover 96
28%
ENGLAND - EFL CHAMPIONSHIP Huddersfield
28%
ARGENTINA - LIGA PROFESIONAL DE FÚTBOL | CONMEBOL - COPA LIBERTADORES | CONMEBOL - COPA SUDAMERICANA Independiente
28%
SPAIN - LALIGA SANTANDER Levante UD
28%
NORWAY - ELITESERIEN Molde FK
28%
CONMEBOL - COPA LIBERTADORES Palmeiras
28%
FRANCE - LIGUE 2 BKT Paris FC
28%
ITALY - SERIE A TIM Parma
28%
SPAIN - LALIGA SMARTBANK RCD Mallorca
28%
CONMEBOL - COPA LIBERTADORES São Paulo
28%
PORTUGAL - LIGA NOS SC Braga
28%
SPAIN - LALIGA SANTANDER SD Eibar
28%
AUSTRIA - Ö. BUNDESLIGA SK Rapid Wien
28%
FRANCE - LIGUE 1 UBER EATS Strasbourg
28%
ENGLAND - EFL LEAGUE ONE Wigan Athletic
28%
MEXICO - LIGA BBVA MX América
25%
BRAZIL - LIGA DO BRASIL Botafogo
25%
ENGLAND - EFL LEAGUE TWO Bradford City
25%
DENMARK - 3F SUPERLIGA Brøndby IF
25%
CONMEBOL - COPA LIBERTADORES Colo-Colo
25%
ENGLAND - EFL CHAMPIONSHIP Coventry City
25%
SPAIN - LALIGA SANTANDER Elche CF
25%
ROMANIA - LIGA I FCSB
25%
NETHERLANDS - EREDIVISIE FC Twente
25%
AUSTRIA - Ö. BUNDESLIGA FK Austria Wien
25%
BRAZIL - LIGA DO BRASIL | CONMEBOL - COPA SUDAMERICANA Fluminense
25%
GERMANY - BUNDESLIGA Hertha Berlin
25%
POLAND - PKO EKSTRAKLASA Lech Poznań
25%
ENGLAND - EFL LEAGUE ONE Northampton
25%
ENGLAND - EFL LEAGUE ONE Oxford United
25%
ENGLAND - EFL CHAMPIONSHIP Preston
25%
SPAIN - LALIGA SMARTBANK R. Zaragoza
25%
GERMANY - BUNDESLIGA SC Freiburg
25%
FRANCE - LIGUE 1 UBER EATS Stade Brestois 29
25%
FRANCE - LIGUE 1 UBER EATS Stade de Reims
25%
CONMEBOL - COPA LIBERTADORES Tigre
25%
FRANCE - LIGUE 2 BKT Toulouse FC
25%
SPAIN - LALIGA SMARTBANK UD Las Palmas
25%
AUSTRALIA - A-LEAGUE Adelaide United
22%
FRANCE - LIGUE 1 UBER EATS Angers SCO
22%
TURKEY - SÜPER LIG Başakşehir
22%
AUSTRALIA - A-LEAGUE Brisbane Roar
22%
ENGLAND - EFL LEAGUE ONE Bristol Rovers
22%
SCOTLAND - SCOTTISH PREM Dundee United
22%
GERMANY - 2. BUNDESLIGA Düsseldorf
22%
REST OF WORLD Empoli
22%
GERMANY - BUNDESLIGA FC Augsburg
22%
BRAZIL - LIGA DO BRASIL | CONMEBOL - COPA LIBERTADORES Grêmio
22%
SCOTLAND - SCOTTISH PREM Hibernian
22%
AUSTRIA - Ö. BUNDESLIGA LASK
22%
ENGLAND - EFL LEAGUE TWO Leyton Orient
22%
ENGLAND - EFL LEAGUE ONE Lincoln City
22%
AUSTRALIA - A-LEAGUE Melbourne City
22%
ENGLAND - EFL LEAGUE ONE MK Dons
22%
BRAZIL - LIGA DO BRASIL Oceânico FC (Corinthians)
22%
ENGLAND - EFL LEAGUE TWO Oldham Athletic
22%
SPAIN - LALIGA SMARTBANK Rayo Vallecano
22%
NORWAY - ELITESERIEN Rosenborg BK
22%
AUSTRIA - Ö. BUNDESLIGA SK Sturm Graz
22%
REST OF WORLD SPAL
22%
ENGLAND - EFL LEAGUE ONE Swindon Town
22%
USA/CANADA - MLS Toronto FC
22%
ARGENTINA - LIGA PROFESIONAL DE FÚTBOL | CONMEBOL - COPA SUDAMERICANA Vélez Sarsfield
22%
PORTUGAL - LIGA NOS V. Guimarães
22%
JAPAN - MEIJI YASUDA J1 Vissel Kobe
22%
DENMARK - 3F SUPERLIGA Aalborg BK
19%
FRANCE - LIGUE 2 BKT AJ Auxerre
19%
PORTUGAL - LIGA NOS Boavista FC
19%
ENGLAND - EFL LEAGUE TWO Cambridge United
19%
SPAIN - LALIGA SANTANDER CA Osasuna
19%
ARGENTINA - LIGA PROFESIONAL DE FÚTBOL Central Córdoba
19%
ROMANIA - LIGA I CFR 1907 Cluj
19%
ENGLAND - EFL LEAGUE TWO Cheltenham Town
19%
USA/CANADA - MLS Chicago Fire
19%
IRELAND - SSE AIRTRICITY LGE Cork City
19%
ARGENTINA - LIGA PROFESIONAL DE FÚTBOL Estudiantes
19%
ENGLAND - EFL LEAGUE TWO Exeter City
19%
DENMARK - 3F SUPERLIGA FC Midtjylland
19%
FRANCE - LIGUE 2 BKT FCSM
19%
ENGLAND - EFL LEAGUE ONE Gillingham
19%
ITALY - SERIE A TIM Hellas Verona
19%
USA/CANADA - MLS LAFC
19%
REST OF WORLD Lecce
19%
ENGLAND - EFL LEAGUE TWO Mansfield Town
19%
SCOTLAND - SCOTTISH PREM Motherwell
19%
USA/CANADA - MLS New York City FC
19%
FRANCE - LIGUE 1 UBER EATS Nîmes Olympique
19%
AUSTRALIA - A-LEAGUE Perth Glory
19%
SPAIN - LALIGA SANTANDER RC Celta
19%
SPAIN - LALIGA SMARTBANK RCD Espanyol
19%
ARGENTINA - LIGA PROFESIONAL DE FÚTBOL Rosario Central
19%
ENGLAND - EFL CHAMPIONSHIP Rotherham United
19%
NETHERLANDS - EREDIVISIE Sparta Rotterdam
19%
TURKEY - SÜPER LIG Trabzonspor
19%
GERMANY - BUNDESLIGA TSG Hoffenheim
19%
GERMANY - BUNDESLIGA Union Berlin
19%
NETHERLANDS - EREDIVISIE VVV-Venlo
19%
ENGLAND - EFL CHAMPIONSHIP Wycombe
19%
FRANCE - LIGUE 2 BKT AC Ajaccio
17%
SWEDEN - ALLSVENSKAN AIK
17%
SAUDI ARABIA - MBS PRO LEAGUE Al Ahli
17%
SAUDI ARABIA - MBS PRO LEAGUE Al Ittihad
17%
SAUDI ARABIA - MBS PRO LEAGUE Al Shabab
17%
TURKEY - SÜPER LIG Antalyaspor
17%
BRAZIL - LIGA DO BRASIL | CONMEBOL - COPA SUDAMERICANA Atlético Mineiro
17%
ARGENTINA - LIGA PROFESIONAL DE FÚTBOL Atlético Tucumán
17%
ARGENTINA - LIGA PROFESIONAL DE FÚTBOL Banfield
17%
CHINA - CSL Beijing Guoan
17%
GERMANY - BUNDESLIGA Bielefeld
17%
BELGIUM - 1A PRO LEAGUE Cercle Brugge
17%
BRAZIL - LIGA DO BRASIL Coritiba
17%
ENGLAND - EFL LEAGUE ONE Crewe Alexandra
17%
USA/CANADA - MLS D.C. United
17%
ENGLAND - EFL LEAGUE ONE Doncaster Rovers
17%
IRELAND - SSE AIRTRICITY LGE Dundalk
17%
NETHERLANDS - EREDIVISIE FC Groningen
17%
SWITZERLAND - RSL FC Luzern
17%
GERMANY - 2. BUNDESLIGA FC St. Pauli
17%
NETHERLANDS - EREDIVISIE FC Utrecht
17%
SWITZERLAND - RSL FC Zürich
17%
ENGLAND - EFL LEAGUE ONE Fleetwood Town
17%
JAPAN - MEIJI YASUDA J1 Gamba Osaka
17%
SPAIN - LALIGA SANTANDER Granada CF
17%
MEXICO - LIGA BBVA MX Guadalajara
17%
ENGLAND - EFL LEAGUE TWO Harrogate Town
17%
ARGENTINA - LIGA PROFESIONAL DE FÚTBOL | CONMEBOL - COPA SUDAMERICANA Lanús
17%
MEXICO - LIGA BBVA MX León
17%
ENGLAND - EFL LEAGUE TWO Morecambe
17%
AUSTRALIA - A-LEAGUE Newcastle Jets
17%
REST OF WORLD Olympiacos CFP
17%
USA/CANADA - MLS Orlando City
17%
ENGLAND - EFL LEAGUE ONE Peterborough
17%
ENGLAND - EFL LEAGUE TWO Port Vale
17%
ARGENTINA - LIGA PROFESIONAL DE FÚTBOL San Lorenzo
17%
NETHERLANDS - EREDIVISIE SC Heerenveen
17%
GERMANY - 2. BUNDESLIGA SC Paderborn 07
17%
FRANCE - LIGUE 2 BKT SM Caen
17%
BELGIUM - 1A PRO LEAGUE Sp. Charleroi
17%
BELGIUM - 1A PRO LEAGUE Standard Liège
17%
ENGLAND - EFL LEAGUE TWO Tranmere Rovers
17%
SPAIN - LALIGA SMARTBANK UD Almería
17%
GERMANY - 2. BUNDESLIGA VfL Bochum
17%
NETHERLANDS - EREDIVISIE Vitesse
17%
REST OF WORLD AEK Athens
14%
FRANCE - LIGUE 2 BKT Amiens SC
14%
PORTUGAL - LIGA NOS Belenenses
14%
ITALY - SERIE A TIM Benevento
14%
REST OF WORLD Brescia
14%
ENGLAND - EFL LEAGUE TWO Carlisle United
14%
SPAIN - LALIGA SMARTBANK CD Tenerife
14%
AUSTRALIA - A-LEAGUE Central Coast
14%
REST OF WORLD Chievo Verona
14%
FRANCE - LIGUE 2 BKT Clermont
14%
ENGLAND - EFL LEAGUE TWO Colchester
14%
ARGENTINA - LIGA PROFESIONAL DE FÚTBOL Colón
14%
ITALY - SERIE A TIM Crotone
14%
MEXICO - LIGA BBVA MX Cruz Azul
14%
REST OF WORLD CSKA Moscow
14%
IRELAND - SSE AIRTRICITY LGE Derry City
14%
FRANCE - LIGUE 2 BKT EA Guingamp
14%
USA/CANADA - MLS FC Dallas
14%
GERMANY - 3. LIGA FC Ingolstadt
14%
FRANCE - LIGUE 1 UBER EATS FC Lorient
14%
SWITZERLAND - RSL FC Lugano
14%
ENGLAND - EFL LEAGUE TWO Forest Green
14%
ARGENTINA - LIGA PROFESIONAL DE FÚTBOL Gimnasia
14%
BRAZIL - LIGA DO BRASIL | CONMEBOL - COPA SUDAMERICANA Goiás
14%
ENGLAND - EFL LEAGUE TWO Grimsby Town
14%
CHINA - CSL Guangzhou Evergrande
14%
BRAZIL - LIGA DO BRASIL | CONMEBOL - COPA LIBERTADORES Internacional
14%
CHINA - CSL Jiangsu Suning
14%
SCOTLAND - SCOTTISH PREM Kilmarnock
14%
BELGIUM - 1A PRO LEAGUE KV Oostende
14%
ITALY - SERIE A TIM La Spezia (Spezia)
14%
PORTUGAL - LIGA NOS Marítimo
14%
AUSTRALIA - A-LEAGUE Melbourne Victory
14%
CONMEBOL - COPA LIBERTADORES | PORTUGAL - LIGA NOS Nacional
14%
ARGENTINA - LIGA PROFESIONAL DE FÚTBOL Newell’s
14%
ENGLAND - EFL LEAGUE TWO Newport County
14%
DENMARK - 3F SUPERLIGA Odense BK
14%
REST OF WORLD PAOK
14%
NETHERLANDS - EREDIVISIE PEC Zwolle
14%
USA/CANADA - MLS Portland Timbers
14%
PORTUGAL - LIGA NOS Rio Ave FC
14%
ENGLAND - EFL LEAGUE ONE Rochdale
14%
SPAIN - LALIGA SMARTBANK R. Sporting
14%
SPAIN - LALIGA SANTANDER SD Huesca
14%
USA/CANADA - MLS Seattle Sounders
14%
IRELAND - SSE AIRTRICITY LGE Shamrock Rovers
14%
ENGLAND - EFL LEAGUE ONE Shrewsbury
14%
NORWAY - ELITESERIEN SK Brann
14%
ENGLAND - EFL LEAGUE TWO Southend United
14%
SCOTLAND - SCOTTISH PREM St. Johnstone
14%
ARGENTINA - LIGA PROFESIONAL DE FÚTBOL Talleres
14%
MEXICO - LIGA BBVA MX Tigres
14%
MEXICO - LIGA BBVA MX Tijuana
14%
ENGLAND - EFL LEAGUE TWO Walsall
14%
AUSTRALIA - A-LEAGUE Wellington Phoenix
14%
POLAND - PKO EKSTRAKLASA Wisła Kraków
14%
CHINA - CSL Wuhan Zall
14%
BELGIUM - 1A PRO LEAGUE Zulte Waregem
14%
GERMANY - 3. LIGA 1860 München
11%
ROMANIA - LIGA I Academica
11%
AUSTRIA - Ö. BUNDESLIGA Admira Wacker
11%
ARGENTINA - LIGA PROFESIONAL DE FÚTBOL Aldosivi
11%
ARGENTINA - LIGA PROFESIONAL DE FÚTBOL Argentinos Jrs.
11%
USA/CANADA - MLS Atlanta United
11%
BRAZIL - LIGA DO BRASIL | CONMEBOL - COPA SUDAMERICANA Bahia
11%
ENGLAND - EFL LEAGUE TWO Barrow
11%
CONMEBOL - COPA LIBERTADORES Bolívar
11%
ENGLAND - EFL LEAGUE ONE Burton Albion
11%
CHINA - CSL Chongqing SWM
11%
USA/CANADA - MLS Colorado Rapids
11%
ARGENTINA - LIGA PROFESIONAL DE FÚTBOL | CONMEBOL - COPA LIBERTADORES Defensa
11%
REST OF WORLD Dinamo Zagreb
11%
REST OF WORLD Dynamo Kyiv
11%
DENMARK - 3F SUPERLIGA FC Nordsjælland
11%
KOREA REPUBLIC - K LEAGUE 1 FC Seoul
11%
SWITZERLAND - RSL FC Sion
11%
JAPAN - MEIJI YASUDA J1 F.C. Tokyo
11%
SWITZERLAND - RSL FC Vaduz
11%
BRAZIL - LIGA DO BRASIL | CONMEBOL - COPA SUDAMERICANA Fortaleza
11%
ARGENTINA - LIGA PROFESIONAL DE FÚTBOL Godoy Cruz
11%
FRANCE - LIGUE 2 BKT Grenoble
11%
GERMANY - 2. BUNDESLIGA Greuther Fürth
11%
CHINA - CSL Guangzhou R&F
11%
GERMANY - 3. LIGA Hansa Rostock
11%
CHINA - CSL Hebei CFFC
11%
NETHERLANDS - EREDIVISIE Heracles Almelo
11%
REST OF WORLD HJK Helsinki
11%
USA/CANADA - MLS Houston Dynamo
11%
GERMANY - 3. LIGA Kaiserslautern
11%
SWITZERLAND - RSL Lausanne-Sport
11%
POLAND - PKO EKSTRAKLASA Lechia Gdańsk
11%
SCOTLAND - SCOTTISH PREM Livingston
11%
GERMANY - 3. LIGA MSV Duisburg
11%
FRANCE - LIGUE 2 BKT Nancy
11%
USA/CANADA - MLS Nashville SC
11%
USA/CANADA - MLS New England
11%
REST OF WORLD Panathinaikos
11%
CONMEBOL - COPA LIBERTADORES Peñarol
11%
POLAND - PKO EKSTRAKLASA Piast Gliwice
11%
MEXICO - LIGA BBVA MX Puebla
11%
DENMARK - 3F SUPERLIGA Randers FC
11%
SPAIN - LALIGA SMARTBANK R. Oviedo
11%
SPAIN - LALIGA SANTANDER R. Valladolid CF
11%
ENGLAND - EFL LEAGUE TWO Salford City
11%
PORTUGAL - LIGA NOS Santa Clara
11%
SWITZERLAND - RSL Servette FC
11%
REST OF WORLD Shakhtar Donetsk
11%
CHINA - CSL Shanghai Shenhua
11%
BELGIUM - 1A PRO LEAGUE Sint-Truiden
11%
IRELAND - SSE AIRTRICITY LGE Sligo Rovers
11%
REST OF WORLD Spartak Moscow
11%
GERMANY - 2. BUNDESLIGA SV Darmstadt 98
11%
FRANCE - LIGUE 2 BKT Troyes
11%
FRANCE - LIGUE 2 BKT VAFC
11%
NORWAY - ELITESERIEN Vålerenga Fotball
11%
CONMEBOL - COPA SUDAMERICANA Vasco da Gama
11%
AUSTRALIA - A-LEAGUE Western Sydney Wanderers
11%
NETHERLANDS - EREDIVISIE Willem II
11%
AUSTRIA - Ö. BUNDESLIGA WSG Tirol
11%
JAPAN - MEIJI YASUDA J1 Yokohama FC
11%
GERMANY - 2. BUNDESLIGA 1. FC Heidenheim
8%
GERMANY - 3. LIGA 1. FC Magdeburg
8%
DENMARK - 3F SUPERLIGA Aarhus AGF
8%
REST OF WORLD AC Monza
8%
NETHERLANDS - EREDIVISIE ADO Den Haag
8%
CONMEBOL - COPA LIBERTADORES Alianza Lima
8%
SAUDI ARABIA - MBS PRO LEAGUE Al Wehda
8%
CONMEBOL - COPA LIBERTADORES América de Cali
8%
MEXICO - LIGA BBVA MX Atlas
8%
TURKEY - SÜPER LIG BB Erzurumspor
8%
SPAIN - LALIGA SMARTBANK CD Leganés
8%
BRAZIL - LIGA DO BRASIL Ceará SC
8%
JAPAN - MEIJI YASUDA J1 Cerezo Osaka
8%
SPAIN - LALIGA SMARTBANK CE Sabadell
8%
POLAND - PKO EKSTRAKLASA Cracovia
8%
ENGLAND - EFL LEAGUE TWO Crawley Town
8%
KOREA REPUBLIC - K LEAGUE 1 Daegu FC
8%
CHINA - CSL Dalian Pro
8%
BELGIUM - 1A PRO LEAGUE Excel Mouscron
8%
PORTUGAL - LIGA NOS Farense
8%
SPAIN - LALIGA SMARTBANK FC Cartagena
8%
NETHERLANDS - EREDIVISIE FC Emmen
8%
SWITZERLAND - RSL FC St. Gallen
8%
NETHERLANDS - EREDIVISIE Fortuna Sittard
8%
KOREA REPUBLIC - K LEAGUE 1 GwangJu FC
8%
GERMANY - 3. LIGA Hallescher FC
8%
TURKEY - SÜPER LIG Hatayspor
8%
CHINA - CSL Henan Jianye
8%
ARGENTINA - LIGA PROFESIONAL DE FÚTBOL | CONMEBOL - COPA SUDAMERICANA Huracán
8%
SWEDEN - ALLSVENSKAN IFK Göteborg
8%
NORWAY - ELITESERIEN IK Start
8%
KOREA REPUBLIC - K LEAGUE 1 Incheon United
8%
POLAND - PKO EKSTRAKLASA Jagiellonia
8%
KOREA REPUBLIC - K LEAGUE 1 Jeonbuk Hyundai
8%
REST OF WORLD Kaizer Chiefs
8%
GERMANY - 2. BUNDESLIGA Karlsruher SC
8%
BELGIUM - 1A PRO LEAGUE KAS Eupen
8%
TURKEY - SÜPER LIG Konyaspor
8%
NORWAY - ELITESERIEN Kristiansund
8%
BELGIUM - 1A PRO LEAGUE KV Kortrijk
8%
BELGIUM - 1A PRO LEAGUE KV Mechelen
8%
SPAIN - LALIGA SMARTBANK Málaga CF
8%
CONMEBOL - COPA SUDAMERICANA Millonarios
8%
USA/CANADA - MLS Minnesota United
8%
JAPAN - MEIJI YASUDA J1 Nagoya Grampus
8%
USA/CANADA - MLS NY Red Bulls
8%
NORWAY - ELITESERIEN Odds BK
8%
BELGIUM - 1A PRO LEAGUE OH Leuven
8%
CONMEBOL - COPA LIBERTADORES Olimpia
8%
REST OF WORLD Orlando Pirates
8%
ARGENTINA - LIGA PROFESIONAL DE FÚTBOL Patronato
8%
USA/CANADA - MLS Philadelphia
8%
POLAND - PKO EKSTRAKLASA Pogoń Szczecin
8%
PORTUGAL - LIGA NOS Portimonense SC
8%
CHINA - CSL Qingdao Huanghai
8%
MEXICO - LIGA BBVA MX Querétaro
8%
USA/CANADA - MLS Real Salt Lake
8%
SCOTLAND - SCOTTISH PREM Ross County
8%
GERMANY - 3. LIGA Saarbrücken
8%
ENGLAND - EFL LEAGUE TWO Scunthorpe United
8%
CHINA - CSL Shanghai SIPG
8%
CHINA - CSL Shenzhen Kaisa
8%
JAPAN - MEIJI YASUDA J1 S-Hiroshima
8%
TURKEY - SÜPER LIG Sivasspor
8%
REST OF WORLD Slavia Praha
8%
REST OF WORLD Sparta Praha
8%
USA/CANADA - MLS Sporting KC
8%
ENGLAND - EFL LEAGUE TWO Stevenage
8%
SCOTLAND - SCOTTISH PREM St. Mirren
8%
KOREA REPUBLIC - K LEAGUE 1 Suwon Samsung
8%
CHINA - CSL Tianjin TEDA
8%
KOREA REPUBLIC - K LEAGUE 1 Ulsan Hyundai
8%
ROMANIA - LIGA I Univ. Craiova
8%
FRANCE - LIGUE 2 BKT USL Dunkerque
8%
GERMANY - 2. BUNDESLIGA VfL Osnabrück
8%
NORWAY - ELITESERIEN Viking FK
8%
REST OF WORLD Viktoria Plzeň
8%
POLAND - PKO EKSTRAKLASA Warta Poznań
8%
IRELAND - SSE AIRTRICITY LGE Waterford FC
8%
USA/CANADA - MLS Whitecaps FC
8%
POLAND - PKO EKSTRAKLASA Wisła Płock
8%
GERMANY - 2. BUNDESLIGA Würzburg
8%
DENMARK - 3F SUPERLIGA AC Horsens
6%
SPAIN - LALIGA SMARTBANK AD Alcorcón
6%
REST OF WORLD Al Ain FC
6%
TURKEY - SÜPER LIG Alanyaspor
6%
SPAIN - LALIGA SMARTBANK Albacete BP
6%
CONMEBOL - COPA SUDAMERICANA Always Ready
6%
BRAZIL - LIGA DO BRASIL Athletico PR
6%
CONMEBOL - COPA LIBERTADORES Athletico-PR
6%
BRAZIL - LIGA DO BRASIL Atlético GO
6%
BELGIUM - 1A PRO LEAGUE Beerschot VA
6%
IRELAND - SSE AIRTRICITY LGE Bohemian FC
6%
CONMEBOL - COPA LIBERTADORES Caracas F.C.
6%
SPAIN - LALIGA SMARTBANK CD Castellón
6%
SPAIN - LALIGA SMARTBANK CD Lugo
6%
SPAIN - LALIGA SMARTBANK CD Mirandés
6%
PORTUGAL - LIGA NOS CD Tondela
6%
SPAIN - LALIGA SMARTBANK CF Fuenlabrada
6%
TURKEY - SÜPER LIG Denizlispor
6%
CONMEBOL - COPA SUDAMERICANA Deportivo Cali
6%
GERMANY - 2. BUNDESLIGA Erzgebirge Aue
6%
USA/CANADA - MLS FC Cincinnati
6%
PORTUGAL - LIGA NOS FC Famalicão
6%
ROMANIA - LIGA I FC Viitorul
6%
IRELAND - SSE AIRTRICITY LGE Finn Harps
6%
NORWAY - ELITESERIEN FK Haugesund
6%
KOREA REPUBLIC - K LEAGUE 1 Gangwon FC
6%
TURKEY - SÜPER LIG Gaziantep
6%
POLAND - PKO EKSTRAKLASA Górnik Zabrze
6%
TURKEY - SÜPER LIG Göztepe
6%
CONMEBOL - COPA LIBERTADORES Guaraní
6%
SCOTLAND - SCOTTISH PREM Hamilton
6%
GERMANY - 2. BUNDESLIGA Holstein Kiel
6%
GERMANY - 2. BUNDESLIGA Jahn Regensburg
6%
CONMEBOL - COPA LIBERTADORES Junior
6%
JAPAN - MEIJI YASUDA J1 Kawasaki-F
6%
TURKEY - SÜPER LIG Kayserispor
6%
GERMANY - 3. LIGA KFC Uerdingen
6%
CONMEBOL - COPA LIBERTADORES LDU Quito
6%
CONMEBOL - COPA LIBERTADORES Libertad
6%
REST OF WORLD Lokomotiv Moscow
6%
AUSTRALIA - A-LEAGUE Macarthur FC
6%
TURKEY - SÜPER LIG MKE Ankaragücü
6%
MEXICO - LIGA BBVA MX Necaxa
6%
JAPAN - MEIJI YASUDA J1 Oita Trinita
6%
SWEDEN - ALLSVENSKAN Östersunds FK
6%
MEXICO - LIGA BBVA MX Pachuca
6%
KOREA REPUBLIC - K LEAGUE 1 Pohang Steelers
6%
MEXICO - LIGA BBVA MX Pumas
6%
CONMEBOL - COPA LIBERTADORES River Plate
6%
NETHERLANDS - EREDIVISIE RKC Waalwijk
6%
JAPAN - MEIJI YASUDA J1 Sagan Tosu
6%
NORWAY - ELITESERIEN Sandefjord
6%
MEXICO - LIGA BBVA MX Santos Laguna
6%
NORWAY - ELITESERIEN Sarpsborg 08
6%
AUSTRIA - Ö. BUNDESLIGA SCR Altach
6%
GERMANY - 3. LIGA SC Verl
6%
SPAIN - LALIGA SMARTBANK SD Ponferradina
6%
KOREA REPUBLIC - K LEAGUE 1 Seongnam FC
6%
CHINA - CSL Shandong Luneng
6%
IRELAND - SSE AIRTRICITY LGE Shelbourne
6%
CHINA - CSL Shijiazhuang
6%
USA/CANADA - MLS SJ Earthquakes
6%
AUSTRIA - Ö. BUNDESLIGA SKN St. Pölten
6%
POLAND - PKO EKSTRAKLASA Śląsk Wrocław
6%
FRANCE - LIGUE 1 UBER EATS St Etienne
6%
IRELAND - SSE AIRTRICITY LGE St. Pats
6%
NORWAY - ELITESERIEN Strømsgodset IF
6%
AUSTRIA - Ö. BUNDESLIGA SV Ried
6%
GERMANY - 3. LIGA SVWW
6%
MEXICO - LIGA BBVA MX Toluca
6%
AUSTRIA - Ö. BUNDESLIGA TSV Hartberg
6%
GERMANY - 3. LIGA Türkgücü
6%
SPAIN - LALIGA SMARTBANK UD Logroñés
6%
ROMANIA - LIGA I UTA Arad
6%
JAPAN - MEIJI YASUDA J1 Vegalta Sendai
6%
GERMANY - 3. LIGA VfB Lübeck
6%
BELGIUM - 1A PRO LEAGUE Waasl. Beveren
6%
AUSTRALIA - A-LEAGUE Western United
6%
AUSTRIA - Ö. BUNDESLIGA Wolfsberger AC
6%
POLAND - PKO EKSTRAKLASA Zagłębie Lubin
6%
NORWAY - ELITESERIEN Aalesunds FK
3%
SAUDI ARABIA - MBS PRO LEAGUE Abha Club
3%
REST OF WORLD adidas All-Star
3%
SAUDI ARABIA - MBS PRO LEAGUE Al Adalah
3%
SAUDI ARABIA - MBS PRO LEAGUE Al Faisaly
3%
SAUDI ARABIA - MBS PRO LEAGUE Al Fateh
3%
SAUDI ARABIA - MBS PRO LEAGUE Al Fayha
3%
SAUDI ARABIA - MBS PRO LEAGUE Al Hazem
3%
SAUDI ARABIA - MBS PRO LEAGUE Al Raed
3%
SAUDI ARABIA - MBS PRO LEAGUE Al Taawoun
3%
CONMEBOL - COPA SUDAMERICANA Aragua FC
3%
ROMANIA - LIGA I Astra Giurgiu
3%
MEXICO - LIGA BBVA MX Atlético de San Luis
3%
CONMEBOL - COPA SUDAMERICANA Atl. Nacional
3%
CONMEBOL - COPA LIBERTADORES Barcelona SC
3%
CONMEBOL - COPA LIBERTADORES Binacional
3%
SWEDEN - ALLSVENSKAN BK Häcken
3%
CONMEBOL - COPA SUDAMERICANA Blooming
3%
GERMANY - 2. BUNDESLIGA Braunschweig
3%
KOREA REPUBLIC - K LEAGUE 1 Busan IPark
3%
TURKEY - SÜPER LIG Çaykur Rizespor
3%
FRANCE - LIGUE 2 BKT Châteauroux
3%
ROMANIA - LIGA I Chindia
3%
USA/CANADA - MLS Columbus Crew SC
3%
CONMEBOL - COPA SUDAMERICANA Cusco FC
3%
SAUDI ARABIA - MBS PRO LEAGUE Damac FC
3%
CONMEBOL - COPA SUDAMERICANA El Nacional
3%
SAUDI ARABIA - MBS PRO LEAGUE Ettifaq FC
3%
ROMANIA - LIGA I FC Argeș
3%
GERMANY - 3. LIGA FC Bayern II
3%
ROMANIA - LIGA I FC Botoşani
3%
FRANCE - LIGUE 2 BKT FC Chambly
3%
ROMANIA - LIGA I FC Dinamo 1948
3%
ROMANIA - LIGA I FC Hermannstadt
3%
MEXICO - LIGA BBVA MX FC Juárez
3%
ROMANIA - LIGA I FC Voluntari
3%
CONMEBOL - COPA SUDAMERICANA Fénix
3%
NORWAY - ELITESERIEN FK Bodø/Glimt
3%
GERMANY - 3. LIGA FSV Zwickau
3%
ROMANIA - LIGA I Gaz Metan Mediaș
3%
TURKEY - SÜPER LIG Gençlerbirliği
3%
PORTUGAL - LIGA NOS Gil Vicente
3%
GERMANY - 3. LIGA Haching
3%
SWEDEN - ALLSVENSKAN Helsingborgs IF
3%
SWEDEN - ALLSVENSKAN IF Elfsborg
3%
SWEDEN - ALLSVENSKAN IFK Norrköping
3%
USA/CANADA - MLS Impact Montréal
3%
USA/CANADA - MLS Inter Miami CF
3%
SWEDEN - ALLSVENSKAN Kalmar FF
3%
JAPAN - MEIJI YASUDA J1 Kashima Antlers
3%
TURKEY - SÜPER LIG Kasimpaşa
3%
DENMARK - 3F SUPERLIGA Lyngby BK
3%
MEXICO - LIGA BBVA MX Mazatlán FC
3%
NORWAY - ELITESERIEN Mjøndalen IF
3%
REST OF WORLD MLS All Stars
3%
PORTUGAL - LIGA NOS Moreirense FC
3%
FRANCE - LIGUE 2 BKT Niort
3%
SWEDEN - ALLSVENSKAN Örebro SK
3%
PORTUGAL - LIGA NOS Paços Ferreira
3%
FRANCE - LIGUE 2 BKT Pau FC
3%
POLAND - PKO EKSTRAKLASA PGE Stal Mielec
3%
CONMEBOL - COPA SUDAMERICANA Plaza Colonia
3%
POLAND - PKO EKSTRAKLASA Podbeskidzie
3%
ROMANIA - LIGA I Politehnica Iaşi
3%
CONMEBOL - COPA LIBERTADORES Racing Club
3%
POLAND - PKO EKSTRAKLASA Raków Częstochowa
3%
MEXICO - LIGA BBVA MX Rayados
3%
FRANCE - LIGUE 2 BKT Rodez AF
3%
KOREA REPUBLIC - K LEAGUE 1 Sangju Sangmu
3%
ROMANIA - LIGA I Sepsi OSK
3%
JAPAN - MEIJI YASUDA J1 Shimizu S-Pulse
3%
JAPAN - MEIJI YASUDA J1 Shonan Bellmare
3%
REST OF WORLD Soccer Aid
3%
DENMARK - 3F SUPERLIGA SønderjyskE
3%
NORWAY - ELITESERIEN Stabæk Fotball
3%
GERMANY - 3. LIGA SV Meppen
3%
GERMANY - 2. BUNDESLIGA SV Sandhausen
3%
GERMANY - 3. LIGA SV Waldhof
3%
JAPAN - MEIJI YASUDA J1 Urawa Reds
3%
DENMARK - 3F SUPERLIGA Vejle Boldklub
3%
GERMANY - 3. LIGA Viktoria Köln
3%
CONMEBOL - COPA LIBERTADORES Wilstermann
3%
TURKEY - SÜPER LIG Yeni Malatyaspor
3%
JAPAN - MEIJI YASUDA J1 Yokohama F・M
3%
CONMEBOL - COPA SUDAMERICANA Argentinos Jrs.
0%
CONMEBOL - COPA SUDAMERICANA Atlético Grau
0%
CONMEBOL - COPA SUDAMERICANA Aucas
0%
CONMEBOL - COPA SUDAMERICANA Audax Italiano
0%
CONMEBOL - COPA SUDAMERICANA Club Nacional
0%
CONMEBOL - COPA SUDAMERICANA Coquimbo Unido
0%
CONMEBOL - COPA SUDAMERICANA CS Emelec
0%
CONMEBOL - COPA LIBERTADORES Delfín S.C.
0%
CONMEBOL - COPA SUDAMERICANA Deportivo Pasto
0%
SWEDEN - ALLSVENSKAN Djurgårdens IF
0%
CONMEBOL - COPA LIBERTADORES Est. de Mérida
0%
SWEDEN - ALLSVENSKAN Falkenbergs FF
0%
CONMEBOL - COPA SUDAMERICANA FBC Melgar
0%
SWEDEN - ALLSVENSKAN Hammarby IF
0%
FRANCE - LIGUE 2 BKT Havre AC
0%
JAPAN - MEIJI YASUDA J1 H.Consa.Sapporo
0%
CONMEBOL - COPA SUDAMERICANA Huachipato FC
0%
SWEDEN - ALLSVENSKAN IK Sirius
0%
CONMEBOL - COPA LIBERTADORES Indep. Medellín
0%
TURKEY - SÜPER LIG Karagümrük SK
0%
JAPAN - MEIJI YASUDA J1 Kashima Reysol
0%
CONMEBOL - COPA SUDAMERICANA Llaneros
0%
CONMEBOL - COPA SUDAMERICANA Luqueño
0%
CONMEBOL - COPA SUDAMERICANA Mineros
0%
SWEDEN - ALLSVENSKAN Mjällby AIF
0%
CONMEBOL - COPA SUDAMERICANA Nacional Potosí
0%
CONMEBOL - COPA SUDAMERICANA O. Petrolero
0%
CONMEBOL - COPA SUDAMERICANA Sol de América
0%
CONMEBOL - COPA SUDAMERICANA Sport Huancayo
0%
CONMEBOL - COPA SUDAMERICANA U. Católica
0%
CONMEBOL - COPA LIBERTADORES Uni. Católica
0%
CONMEBOL - COPA SUDAMERICANA Unión La Calera
0%
SWEDEN - ALLSVENSKAN Varbergs BoIS
0%
CONMEBOL - COPA SUDAMERICANA Zamora FC
0%
No matching quizzes found
Score Distribution
Percent of People with Each Score
Percentile by Number Answered
Your Score History
You have not taken this quiz since the last reset